Entry Personal Name
Number of records used in: 1
001 - CONTROL NUMBER
003 - CONTROL NUMBER IDENTIFIER
005 - DATE AND TIME OF LATEST TRANSACTION
- control field:
20200114143201.0
008 - FIXED-LENGTH DATA ELEMENTS
- fixed length control field:
970201n| acannaab| |n aaa
010 ## - LIBRARY OF CONGRESS CONTROL NUMBER
- LC control number:
n 89199854
040 ## - CATALOGING SOURCE
- Original cataloging agency:
DLC
- Transcribing agency:
DLC
100 10 - HEADING--PERSONAL NAME
- Personal name:
Kaila, H. L.
670 ## - SOURCE DATA FOUND
- Source citation:
Stress, 1995:
- Information found:
t.p. (Dr. H.L. Kaila, Reader, Dept. of Psychology, Dept. of Post-grad. Studies and Res., S.N.D.T. Women's U.) jkt. (Consultant psychologist to KRIPA Foundation; 38 years)